|
|
|
|
| LEADER |
00000cam a2200000 i 4500 |
| 001 |
1/34757 |
| 008 |
060922t19701969gw | ||| |||| ||ger|| |
| 035 |
|
|
|l 10085322
|
| 040 |
|
|
|a GR-MyUA
|b gre
|e AACR2
|
| 041 |
1 |
|
|a ger
|h eng
|
| 082 |
0 |
|
|a 823.912
|2 (22)
|
| 100 |
1 |
|
|a Du Maurier, Daphne,
|d 1907-1989.
|
| 245 |
1 |
4 |
|a Ein Tropfen Zeit :
|b roman /
|c Daphne Du Maurier ; Ubertragen von Margarete Bormann.
|
| 250 |
|
|
|a 2η εκδ.
|
| 260 |
|
|
|a Bern ; Munchen :
|b Scherz,
|c 1970, c1969.
|
| 300 |
|
|
|a 298 σ. ;
|c 21 εκ.
|
| 500 |
|
|
|a Τίτλος πρωτοτύπου: The house on the strand.
|
| 650 |
0 |
0 |
|a English fiction
|x Translations into German.
|
| 650 |
0 |
0 |
|a Time travel
|x Fiction.
|
| 650 |
0 |
0 |
|a Psychological fiction.
|
| 650 |
0 |
0 |
|a Fantasy fiction.
|
| 651 |
|
0 |
|a Cornwall (England : County)
|x Fiction.
|
| 700 |
1 |
|
|a Bormann, Margarete,
|e trlf
|
| 852 |
|
|
|a INST
|b CHIOS
|e 20060922
|h 823.912 DuM
|p 005200027159
|q 005200027159
|t BK
|y 0
|
| 901 |
|
|
|a BIBL2-2006-2
|
| 909 |
|
|
|a Χ
|b 016259
|
| 970 |
|
|
|a ΒΑΣΙΛΑΚΗ
|b ΝΙΚΗ
|z 2006/09/22
|